00258nam a2200109Ia 450000500170000000800410001704100080005810000110006624500230007726000280010030000200012820251223131552.0251219s9999 xx 000 0 und d aeng aGuha R aIndia after gandhi bMacmillan / Indiac2007 a898bPaper Back